La teología de la liberación

Bewaard in:
Bibliografische gegevens
Hoofdauteur: Rowland, Christopher (Auteur)
Formaat: Boek
Taal:Spaans
Gepubliceerd in: Madrid Cambridge University 2000
Reeks:Religiones y Mitos
Onderwerpen:
Tags: Voeg label toe
Geen labels, Wees de eerste die dit record labelt!

MARC

LEADER 00000nam a2200000 a 4500
001 UCM0132
003 CL-VaPUC
008 020125e20000000SP |||||||||||||||||spa|d
082 0 4 |a 261.8  |b ROW  |2 21 
100 0 |a Rowland, Christopher  |e author  |9 466816 
245 1 3 |a La teología de la liberación 
300 |a 351 p 
942 |c BK 
945 |d 20020125 00:00:00  |a vberengu 
260 |a Madrid  |b Cambridge University  |c 2000 
650 0 |a Teología social  |9 326726 
650 0 |a Iglesia católica y problemas sociales   |9 255796 
583 |a last modification  |c 20020125 00:00:00  |k Rodrigo Vera 
490 0 |a Religiones y Mitos 
999 |c 299183  |d 299181 
952 |0 0  |1 0  |4 0  |6 261_800000000000000_ROW_2000  |7 0  |8 A  |9 355397  |a BIBDER  |b BIBDER  |d 2019-11-21  |i 3789683  |o 261.8 ROW 2000  |p 3789683  |r 2023-01-25  |w 2019-11-21  |y BK  |k DER